Statistics for Best Ever Foreign Coaches in La Liga

Click here to take the quiz!

General Stats

  • This quiz has been taken 71 times
  • The average score is 8 of 22

Answer Stats

#PPMClub(s)NationalityMatchesSeasonsAnswer% Correct
12.43Real MadridPortugal1142010-13José Mourinho
97%
22.36Real MadridItaly832013-15, 2021-Carlo Ancelotti
93%
42.24Real MadridFrance1832016-18, 2019-21Zinédine Zidane
93%
82.08Atlético MadridArgentina3712011-Diego Simeone
85%
92.02BarcelonaNetherlands3001988-1996Johan Cruyff
73%
72.1Real MadridItaly801996-97, 2006-07Fabio Capello
68%
102.01BarcelonaNetherlands1902003-08Frank Rijkaard
68%
52.14BarcelonaEngland421996-97Bobby Robson
47%
32.29BarcelonaArgentina382013-14Tata Martino
47%
171.88ValenciaPortugal512014-15Nuno Espírito Santo
25%
151.89SevillaArgentina382016-17Jorge Sampaoli
24%
211.84Real MadridPortugal382003-04Carlos Queiroz
20%
111.96BarcelonaEngland1161984-87Terry Venables
20%
191.87Barcelona, Sevilla, Atlético Madrid, Deportivo La Coruña, MálagaArgentina1911949-57,1958-60, 1979-81Helenio Herrera
17%
131.9BarcelonaGermany601981-83Udo Lattek
14%
201.86Atlético Madrid, BarcelonaArgentina701983-84, 1987-88César Menotti
8%
181.88Real Madrid, Real ZaragozaNetherlands1931981-84, 1986-89, 1992Leo Beenhakker
7%
121.91Barcelona, Real Madrid, Real BetisUruguay1151947-50, 1953-54,1959-60Enrique Fernández
0%
141.9BarcelonaEngland481929-31James Bellamy
0%
62.11Real Madrid, Deportivo La CoruñaArgentina571957-59, 1964-65Luis Carniglia
0%
221.84Real Madrid, Racing SantanderEngland631930-34Robert Firth
0%
161.89Barcelona, SevillaEngland471969-71, 1972Vic Buckingham
0%

Score Distribution

Percentile by Number Answered

Percent of People with Each Score

Your Score History

You have not taken this quiz